书目信息 |
| 题名: |
区域·融通·发展
|
|
| 作者: | 叶南客 主编 | |
| 分册: | ||
| 出版信息: | 北京 中国社会科学出版社 2019.10 |
|
| 页数: | 370页 | |
| 开本: | 24cm | |
| 丛书名: | 中社智库 | |
| 单 册: | ||
| 中图分类: | F127.53-53 | |
| 科图分类: | ||
| 主题词: | 区域经济发展--qu yu jing ji fa zhan--江苏--文集 | |
| 电子资源: | ||
| ISBN: | 978-7-5203-5141-6 | |
| 000 | 01106nam 2200289 450 | |
| 001 | 202021193167 | |
| 005 | 20211025120136.0 | |
| 010 | @a978-7-5203-5141-6@dCNY108.00 | |
| 100 | @a20210927d2019 em y0chiy50 ea | |
| 101 | 0 | @achi |
| 102 | @aCN@b110000 | |
| 105 | @ak z 000yy | |
| 106 | @ar | |
| 200 | 1 | @a区域·融通·发展@Aqu yu · rong tong · fa zhan@e宁镇扬一体化论文精萃@f叶南客主编 |
| 210 | @a北京@c中国社会科学出版社@d2019.10 | |
| 215 | @a370页@d24cm | |
| 225 | 2 | @a中社智库@Azhong she zhi ku |
| 225 | 2 | @a金陵智库丛书@Ajin ling zhi ku cong shu |
| 330 | @a本书收录了《推进宁镇扬一体化, 打造江苏中心发展极》《宁镇扬一体化发展程度分析及路径对策研究》《》宁镇扬区域协同发展及机制构建《绿色建筑与宁镇扬生态环境一体化协同发展研究》等文章。 | |
| 410 | 0 | @12001 @a中社智库 |
| 410 | 0 | @12001 @a金陵智库丛书 |
| 517 | 1 | @a宁镇扬一体化论文精萃@Aning zhen yang yi ti hua lun wen jing cui |
| 606 | 0 | @a区域经济发展@Aqu yu jing ji fa zhan@y江苏@j文集 |
| 690 | @aF127.53-53@v5 | |
| 701 | 0 | @a叶南客@Aye nan ke@4主编 |
| 801 | 0 | @aCN@c20210909 |
| 905 | @a河南城建学院图书馆@dF127.53-53@eY439 | |
| 区域·融通·发展:宁镇扬一体化论文精萃/叶南客主编.-北京:中国社会科学出版社,2019.10 |
| 370页;24cm.-(中社智库).-(金陵智库丛书) |
| ISBN 978-7-5203-5141-6:CNY108.00 |
| 本书收录了《推进宁镇扬一体化, 打造江苏中心发展极》《宁镇扬一体化发展程度分析及路径对策研究》《》宁镇扬区域协同发展及机制构建《绿色建筑与宁镇扬生态环境一体化协同发展研究》等文章。 |
| ● |
| 相关链接 |
|
|
|
正题名:区域·融通·发展
索取号:F127.53-53/Y439
 
预约/预借
| 序号 | 登录号 | 条形码 | 馆藏地/架位号 | 状态 | 备注 |
| 1 | 1542154 | 215421540 | 社科库409/409社科库 70排4列3层/ [索取号:F127.53-53/Y439] | 在馆 |